Catálogo público

Fundamentos de Normalización y Metrología / (Record no. 173758)

MARC details
000 -CABECERA
campo de control de longitud fija 00689nam a2200253Ia 4500
001 - NÚMERO DE CONTROL
campo de control dia_3263
003 - IDENTIFICADOR DEL NÚMERO DE CONTROL
campo de control CHAP
005 - FECHA Y HORA DE LA ÚLTIMA TRANSACCIÓN
campo de control 20230310104536.0
008 - DATOS DE LONGITUD FIJA--INFORMACIÓN GENERAL
campo de control de longitud fija 220117s1998 xx 000 0 und d
010 ## - NÚMERO DE CONTROL DE LA BIBLIOTECA DEL CONGRESO
Número de control de LC 173758
020 ## - NÚMERO INTERNACIONAL ESTÁNDAR DEL LIBRO
Número Internacional Estándar del Libro 970-18-1883-0
040 ## - FUENTE DE LA CATALOGACIÓN
Centro/agencia transcriptor CHAP
082 ## - NÚMERO DE LA CLASIFICACIÓN DECIMAL DEWEY
Número de clasificación 389.6 M3
100 ## - ENTRADA PRINCIPAL--NOMBRE DE PERSONA
Nombre de persona Martinez Llebrez, Vicente
9 (RLIN) 154416
245 ## - MENCIÓN DE TÍTULO
Título Fundamentos de Normalización y Metrología /
Mención de responsabilidad, etc. por Vicente Martinez Llebrez
260 ## - PUBLICACIÓN, DISTRIBUCIÓN, ETC.
Lugar de publicación, distribución, etc. México :
Nombre del editor, distribuidor, etc. IPN,
Fecha de publicación, distribución, etc. 1998
300 ## - DESCRIPCIÓN FÍSICA
Extensión 539 p.
503 ## - NOTA DE HISTORIA BIBLIOGRÁFICA (BK CF MU) [OBSOLETO]
Nota de historia bibliográfica C/e
650 ## - PUNTO DE ACCESO ADICIONAL DE MATERIA--TÉRMINO DE MATERIA
Término de materia o nombre geográfico como elemento de entrada 1.Normalización
9 (RLIN) 154417
901 ## - ELEMENTOS DE DATOS A LOCAL LDA (RLIN)
a 389.6 M3
902 ## - ELEMENTOS DE DATOS B LOCAL, LDB (RLIN)
a M
905 ## - ELEMENTOS DE DATOS E LOCAL, LDE (RLIN)
a 0000001998 MX X 0000000000SPA00
942 ## - ELEMENTOS DE PUNTO DE ACCESO ADICIONAL (KOHA)
Tipo de ítem Koha Libro
Fuente del sistema de clasificación o colocación Dewey Decimal Classification
Holdings
Estado de retiro Estado de pérdida Fuente del sistema de clasificación o colocación Estado dañado Restricciones de uso No para préstamo Código de colección Localización permanente Ubicación/localización actual Fecha de adquisición Fuente de adquisición Coste, precio normal de compra Número de inventario Total de préstamos Signatura topográfica completa Código de barras Fecha visto por última vez Número de copia Tipo de ítem Koha
    Dewey Decimal Classification   Préstamo interno   General Ingenieria Agroindustrial Ingenieria Agroindustrial 19/09/2000 Compra SEP F. 9620 / Res. (25-Sep-2000) 38.00 C/e   389.6 M3 dia_5892 18/01/2022 Ej. 1 Libro